| 000 | 01601nam a2200337 i 4500 | ||
|---|---|---|---|
| 001 | 000011832 | ||
| 003 | DO-SdBNP | ||
| 005 | 20260413091501.0 | ||
| 007 | ta | ||
| 008 | 091028s2000 dr 000 0 spa d | ||
| 020 | _a9993431036 | ||
| 040 |
_aDO-SdBNP _bspa _cBNPHU _erda |
||
| 041 | _aspa | ||
| 082 | 4 |
_aRD863.44 _bC292c _222 |
|
| 100 | 1 |
_aCaro, Néstor, _d1917- _927997 _4aut. _eautor |
|
| 245 | 1 | 0 |
_aCuentos completos / _cNéstor Caro. |
| 260 | 4 |
_aSanto Domingo, República Dominicana : _bBiblioteca Nacional, _c©2000. |
|
| 300 |
_a121 páginas ; _c23 cm. |
||
| 336 |
_atexto _btxt _2rdacontent |
||
| 337 |
_asin mediación _bn _2rdamedia |
||
| 338 |
_avolumen _bnc _2rdacarrier |
||
| 490 | 1 |
_aBiblioteca Nacional de la República Dominicana _vv. 2 |
|
| 490 | 1 |
_aNarrativa _vv. 1 |
|
| 505 | 0 |
_gCielo Negro: cuentos (1950) -- _tCielo negro ; _tNuestro pan ; _tWilí ; _tEl funcionario ; _tEl hombre del saco ; _tEl hombre de la calle ; _tEl hombrecito ; _tLos amos buenos ; _tChano ; _tLa dueña del llano ; _tMis amores ; _tSur ; _tLos cuentos de Néstor Caro ; _gSándalo : cuentos (1975) -- _tHabía una vez un hombre llamado Sándalo ; _tLa casa llanera ; _tGuanuma ; _tCelosía ; _tEl tipo aquél ; _tEl señor Bonnier ; _tUna mujer ; _tDios -- _gApéndice : Los cuentos de Néstor Caro. Por Enrique García Ruiz. |
|
| 590 | _aInventariado 2026/MFF | ||
| 650 | 7 |
_aCuentos dominicanos _9176 _2LEMB |
|
| 650 | 7 |
_aLiteratura dominicana. _967 _2LEMB |
|
| 830 | 0 |
_aBiblioteca Nacional de la República Dominicana _nv. 2 _pNarrativa _vv. 1 _989313 |
|
| 910 | _aValidado. Control de calidad MFF | ||
| 942 |
_2ddc _cLBS1 |
||
| 999 |
_c11506 _d11506 |
||